Không gian văn hoá nhà cổ Hội An
Giới thiệu khái quát về phố cổ Hội An; không gian văn hóa nhà cổ Hội An.Trình bày những giải pháp bảo tồn
Đã lưu trong:
| Tác giả chính: | |
|---|---|
| Định dạng: | Sách |
| Năm xuất bản: |
H.
Dân trí
2010
|
| Chủ đề: | |
| Tags: |
Thêm thẻ
Không có thẻ, Hãy là người đầu tiên gắn thẻ bản ghi này!
|
| LEADER | 00720nam a2200181 4500 | ||
|---|---|---|---|
| 082 | |a 398.3572 |b TR120A | ||
| 100 | |a Trần Ánh | ||
| 245 | |a Không gian văn hoá nhà cổ Hội An |c Trần Ánh | ||
| 260 | |a H. |b Dân trí |c 2010 | ||
| 300 | |a 280 tr. |c 21 cm | ||
| 520 | |a Giới thiệu khái quát về phố cổ Hội An; không gian văn hóa nhà cổ Hội An.Trình bày những giải pháp bảo tồn | ||
| 653 | |a Kiến trúc nhà ở Việt Nam | ||
| 653 | |a Văn hóa dân gian | ||
| 653 | |a Hội An | ||
| 653 | |a Quảng Nam | ||
| 942 | |2 ddc |c SH | ||
| 999 | |c 8109 |d 8109 | ||
| 952 | |0 0 |1 0 |2 ddc |4 0 |6 398_357200000000000_TR120A |7 0 |8 300 |9 69198 |a qbu |b qbu |c D2 |d 2015-03-31 |o 398.3572 TR120A |p 7932.c1 |r 0000-00-00 |w 2015-03-31 |y SH | ||